LEADER 01411nam a2200277 u 4500 001 000000028978 003 CaOOAMICUS 005 20070226111849.0 008 961211m19421948it abe u000 u ita u 035 $a10747636 040 $aISV$bita 100 1 $aFerrabino, Aldo,$d1892-1972.$0(OLS)http://pul/name/5527 245 10$aNuova storia di Roma /$cAldo Ferrabino. 260 $aRoma :$bTumminelli,$c1942-1948 printings. 300 $a3 v. :$bill., maps, plans ;$c25 cm 500 $aIncludes index. 505 0 $aVol. 1. Da Camillo a Scipione -- v. 2. Da Scipione a Cesare -- v. 3. Da Cesare a Traiano. 651 0$aRome$xHistory$yRepublic, 510-30 B.C.$2//eng$0(OLS)http://pul/subject/2952 651 0$aRome$xHistory$yEmpire, 30 B.C.-284 A.D.$2//eng$0(OLS)http://pul/subject/3592 850 $aPUL 852 $aPUL$W1$xDP1 Fondo Cecchetti$y53$m269 C 22-24$j40193$nBK-PRI$b $qFondi$B40193$CPULBib$Z2$F40193 $HPUL2714-2715-2716 $81 852 $aPUL$W1$xDP1 Fondo Cecchetti$y53$m269 C 22-24$j40193$nBK-PRI$b $qFondi$B40194$CPULBib$Z2$F40194 $HPUL2714-2715-2716 $81 852 $aPUL$W1$xDP1 Fondo Cecchetti$y53$m269 C 22-24$j40193$nBK-PRI$b $qFondi$B40195$CPULBib$Z2$F40195 $HPUL2714-2715-2716 $81 941 1 $a1 996 $6245$aNuova storia di Roma$9(OLS)http://pul/title/39603 996 $6260$aRoma :$bTumminelli$9(OLS)http://pul/publisher/54003 LEADER 01471nam a2200313 a 4500 001 000000159127 003 CaOOAMICUS 005 20170227102344.0 008 170227s1993 enk frm z000 u eng r 020 $a1850754470* 032 $aLibriCat 040 $aPUL$bita 100 1 $aColeridge, Mark.$0(OLS)http://pul/name/101691 245 14$aThe birth of the Lukan narrative :$bnarratives as Christology in Luke 1-2 /$cMark Coleridge. 260 $aSheffield :$bJSOT Press,$cİ1993. 300 $a261 p. ; $c22 cm. 490 1 $aJournal for the study of the New Testament. Supplement series ;$v88 502 $aTesi -- Pontificio Istituto Biblico. 1992. 504 $aBibliografia nelle note. 630 04$aBiblia.$pN.T.$pLucas.$nI-II$xCritica e interpretazione.$0(OLS)http://pul/subject/37882 710 2 $aPontificio istituto biblico.$kTesi.$0(OLS)http://pul/name/85533 830 0$aJournal for the study of the New Testament.$pSupplement series ;$v88.$0(OLS)http://pul/title/79331 850 $aPUL 852 $aPUL$W1$xDP1 Tesi Pon. Ist. Biblico$y33$mTH BIB 188$j182422$qTesi$B185630$CPULBib$Z2$F185630 $H71907 $82 941 1 $a16 996 $6020$a1850754470*$9(OLS)http://pul/number/162119 996 $6245$aThe birth of the Lukan narrative :$bnarratives as Christology in Luke 1-2$9(OLS)http://pul/title/198740 996 $6260$aSheffield :$bJSOT Press$9(OLS)http://pul/publisher/52953